00817nam a22002055i 4500001000700000003000900007005001700016008004100033040002000074100003600094245010400130250001300234260005800247300003400305650003000339700002400369852007300393999001900466952012600485157459ES-MaACL20250724074834.0040810s1853 fr a |||| | fre d aCAM bspa cCAM1 aLegendre, Adrien Marie.912885210aEléments de géométrie / cpar A.M. Legendre; avec additions et modifications par A. Blanchet. a3e éd. aParis : bLibrairie de Firmin Didot frères, c1853. aII, 284 p. : bil. ; c21 cm. 7aGeometría2embne91309611aBlanchet, A.929152 aES-MaACLjF-5552 z-- Enc. cartón z-- Ex-libris de Antonio Gascon c157459d157459 001040708LIBXIXaATENEOMbATENEOMcDEPO2d2008-01-17eSSCl0oF-5552p1164777r2023-02-23 00:00:00w2023-02-23yMONANT